000 01057nam a2200313 a 4500
001 vtls001717244
003 NLI
005 20210628162733.0
008 130514s2009 stk s 001 0 eng
020 _a9780748651511 (ebook)
020 _a0748651519 (ebook)
039 9 _y201305141628
_zVLOAD
040 _aNLI \b eng
041 0 _aeng
044 _astk
100 1 _aStockwell, Peter.
_91133805
245 1 0 _aTexture
_h[electronic resource] :
_ba cognitive aesthetics of reading /
_cPeter Stockwell.
260 _aEdinburgh :
_bEdinburgh University Press,
_cc2009.
300 _a1 online resource (viii, 216 p.)
504 _aIncludes bibliographical references and index.
650 0 _aLiterature
_xHistory and criticism.
_9678044
650 0 _aCognitive grammar.
_9734013
650 0 _aReading.
_9686643
856 4 0 _3Edinburgh scholarship online
_uhttp://dx.doi.org/10.3366/edinburgh/9780748625819.001.0001
887 _a Gopa
905 _aGopa
949 _AVIRTUAITEM
_D10000
_X206
_6EBK000004966ENG
_eEBK4966
942 _2ddc
_cBKS
999 _c1162995
_d1162995